Los Angeles Lakers NBA All-Stars - Statistics

General Stats
  • This quiz has been taken 10,126 times
    6,740 since last reset
  • The average score is 12 of 33
Answer Stats
Players # Last % Correct
Kobe Bryant 18 2016
98%
LeBron James 8 2026
97%
Shaquille O'Neal 7 2004
92%
Magic Johnson 12 1992
90%
Kareem Abdul-Jabbar 13 1989
87%
Jerry West 14 1974
81%
Luka Dončić 1 2026
76%
Anthony Davis 4 2025
75%
Wilt Chamberlain 4 1973
66%
Pau Gasol 3 2011
65%
James Worthy 7 1992
56%
Elgin Baylor 11 1970
50%
Dwight Howard 1 2013
41%
George Mikan 4 1954
40%
Andrew Bynum 1 2012
28%
Eddie Jones 2 1998
21%
A.C. Green 1 1990
20%
Gail Goodrich 4 1975
18%
Nick Van Exel 1 1998
18%
Jamaal Wilkes 2 1983
11%
Norm Nixon 1 1982
10%
Cedric Ceballos 1 1995
8%
Vern Mikkelsen 6 1957
8%
Slater Martin 4 1956
5%
Archie Clark 1 1968
4%
Clyde Lovellette 1 1956
4%
Jim Pollard 4 1955
4%
Rudy LaRusso 3 1966
4%
Darrall Imhoff 1 1967
3%
Dick Garmaker 4 1960
3%
Frank Selvy 1 1962
3%
Hot Rod Hundley 2 1961
3%
Larry Foust 2 1959
3%
No matching quizzes found
Score Distribution
Percent of People with Each Score
Percentile by Number Answered
Your Score History
You have not taken this quiz since the last reset